000 00633nam a2200229 i 4500
001 C2-0245749
003 PPAK
005 20180727210646.0
008 030316s1976 ua a|||| ||||| | eng d
040 _aPPAK
_beng
_cPPAK
_erda
082 0 4 _a892
_223
090 0 0 _a892
_bLOT
_dKSA
245 0 0 _aLotus :
_bAfro-Asian writings
264 1 _aCairo, Egypt :
_bThe Permanent Bureau of Afro-Asian Writers ,
_c1976
300 _a208 pages :
_billustrations ;
_c24 cm
336 _2rdacontent
_atext
337 _2rdamedia
_aunmediated
338 _2rdacarrier
_avolume
500 _aQuarterly
650 1 0 _aLiterature
942 _ddc
_cB
999 _c59765
_d59765